| 000 | 00696nam a2200241Ia 4500 | ||
|---|---|---|---|
| 003 | OSt | ||
| 005 | 20221005130450.0 | ||
| 006 | a|||||r|||| 00| 0 | ||
| 007 | ta | ||
| 008 | 221004b |||||||| |||| 00| 0 eng d | ||
| 024 | _a67331 | ||
| 037 | _cTextual | ||
| 040 |
_aCRL _cCRL _beng |
||
| 041 |
_2eng _aeng |
||
| 082 | _aV41:25aN3, K3-;1-;2 | ||
| 100 |
_aChow Tes-Tsung _9638183 |
||
| 245 | 0 |
_aResearch guide to the may fourth movement _b Intellectual revolution in modern China 1915-1924. |
|
| 260 | _c1963 | ||
| 490 | _aHarvard east asian series,.; 13 | ||
| 650 | _aHISTORY | ||
| 942 |
_hV41:25aN3, K3-;1-;2 _cTEXL _2cc |
||
| 999 |
_c1057344 _d1057344 |
||